| 000 | 01224cam a22003377a 4500 | ||
|---|---|---|---|
| 003 | CHAP | ||
| 005 | 20220817042737.0 | ||
| 008 | 971013s1977 r 00010 d | ||
| 010 | _a54157 | ||
| 011 | _a55129 | ||
| 035 | _a59281 | ||
| 040 | _cCHAP | ||
| 082 |
_a146.3 _bP7Y |
||
| 100 | 0 | 0 |
_aPrestipino, Gruseppe. _991533 |
| 245 | 1 | 3 |
_aEl pensamiento filosófico de Engels _b: naturaleza y sociedad en la perspectiva teoría marxista |
| 260 |
_aMéxico : _bSiglo XXI, _c1977 |
||
| 300 | _a313 p. | ||
| 490 | 0 | _aBiblioteca del pensamiento socialista. Serie ensayos críticos | |
| 590 |
_aBATCH-UPD _b10 _c20130110 _lUCH01 _h0805 |
||
| 590 |
_aBATCH-UPD _b10 _c20130410 _lUCH01 _h0443 |
||
| 590 |
_aBATCH-UPD _b10 _c20130914 _lUCH01 _h1314 |
||
| 590 |
_aCONVERSION _b10 _c20130109 _lUCH01 _h1329 |
||
| 650 | 1 | 4 |
_aFilosofía de la naturaleza. _940902 |
| 650 | 1 | 4 |
_aSociedades. _9108114 |
| 700 | 0 |
_aEngels, Friedrich. _936962 |
|
| 830 | 0 | 0 | _aBiblioteca del pensamiento socialista. Serie ensayos críticos |
| 901 | _aBK | ||
| 942 | _cLIBRO | ||
| 949 |
_a146.3 P7Y _bBC _cLIBRO _d33724000227666 _eLIBRO _gI.c/e _h67140 _i59281 _si _t570.00 |
||
| 949 |
_a146.3 P7Y _bBC _cLIBRO _d33724000750147 _eLIBRO _fc.2 _gI.c/e _h67141 _i59281 _si _t570.00 |
||
| 999 |
_c54157 _d54157 |
||